000 01062 a2200265 4500
999 _c7907
_d7907
020 _a9780077109417
020 _a0077109414
050 0 0 _aHG4026 DAV 2008
100 1 _aDavies, Tony
_eauthor
245 1 0 _aStrategic corporate finance /
_cby Tony Davies
264 _aBerkshire
_bMcGraw- Hill
_c2008
300 _a830p. :
_bill. ;
500 _aIncludes appendix and index.
504 _aIncludes appendix and index.
650 0 _aCorporations
_xFinance.
650 0 _aCapital.
650 0 _aValue.
700 _aTony Boczko
_eauthor
700 _aJean CHen
_eauthor
856 4 1 _3Table of contents only
_uhttp://www.loc.gov/catdir/toc/ecip0616/2006021653.html
856 4 2 _3Publisher description
_uhttp://www.loc.gov/catdir/enhancements/fy0741/2006021653-d.html
856 4 2 _3Contributor biographical information
_uhttp://www.loc.gov/catdir/enhancements/fy0741/2006021653-b.html
942 _2lcc
_cBK
_h4026
_iDAV
_kHG